| 000 | 00735nam a22001457a 4500 | ||
|---|---|---|---|
| 020 | _a978-1-4169-9464-0 | ||
| 082 |
_a823 _bKEE/N |
||
| 100 | _aKEENE, CAROLYN | ||
| 245 | _aNANCY DREW AND THE CLUE CREW - THE MAKE-A-PET MYSTERY | ||
| 260 |
_aNEW YORK _bALADDIN PAPERBACKS _c2012 |
||
| 300 | _a82 | ||
| 520 | _awhen Nancy’s friend, Violet, discovers that Hoppity, her Make-a-Pet, is missing, the Clue Crew is called on to help find the missing bunny. It seems there are a few possible suspects—including Violet’s best friend, Sonia, who claims Violet stole the idea about Hoppity from her. Could Violet’s best friend be the culprit? Or is the real thief even more of a surprise? | ||
| 650 |
_aMYSTERY _zUNITED STATES |
||
| 942 | _cBK | ||
| 999 |
_c7909 _d7909 |
||